Ugandan Immigrants Quiz Stats

 Plays Quiz not verified by Sporcle

Score 0/30 Timer 05:00
0 Plays Today
Number of Immigrants Country % Correct
41,203USA
96%
65,447UK
96%
333,789Kenya
94%
581France
94%
2,030Germany
94%
4,857Tanzania
92%
12,837South Africa
92%
3,397Australia
92%
13,191Canada
92%
92,195Rwanda
90%
4,067Sweden
90%
484Italy
90%
6,224Democratic Republic of the Congo
88%
1,250Sudan
86%
211Spain
86%
Number of Immigrants Country % Correct
1,508Netherlands
86%
218Ethiopia
84%
140,607South Sudan
84%
1,483Denmark
84%
226Finland
84%
482Ireland
84%
1,124Norway
84%
362Belgium
84%
712India
80%
274Austria
78%
794Switzerland
76%
382Zambia
74%
1,645Botswana
70%
440Namibia
68%
1,524Eritrea
66%

You're not logged in!

Compare scores with friends on all Sporcle quizzes.
OR
Log In

Sporcle TV

Today on Sporcle TV


Watch our educational content, quiz creation guides, and fun videos on Sporcle TV.

Show Comments

Extras

Top Quizzes Today


Score Distribution

Your Account Isn't Verified!

In order to create a playlist on Sporcle, you need to verify the email address you used during registration. Go to your Sporcle Settings to finish the process.

Report this User

Report this user for behavior that violates our Community Guidelines.

Details: